000 005010000a22001810004500
003 LK-CoMWRAF
005 20240126112238.0
008 230817t ||||| |||| 00| 0 eng d
020 _a9679783200
040 _aLK-CoMWRAF
_dLK-CoMWRAF
_eLK-CoMWRAF
041 _aeng
082 _a910
_bZAK
100 _aZakaria, Rafiq
245 _aThe Trail of Benazir Bhutto :
_bAn insight into the status of women in Islam
260 _aMalaysia :
_bPelanduk publications,
_c1990
300 _a156p
942 _cBK
999 _c1349
_d1349